=LDR 00000nam 2200000 4500 =001 NUTBA000000000004494 =005 20140916082617.0 =006 =007 =008 =020 ##$$a 978-979-29-1324-8 =035 ##$$0010-091400000000527 =040 ##$$a NBPDMAT =082 ##$$a .540.46 =084 ##$$a 540.46 Agu c =100 ##$$a Agus Kamaludin =245 ##$$a Cara Cepat Kuasai Konsep Kimia dalam 8 jam SMA Kelas X / $c Agus Kamaludin; editor, Westriningsih =260 ##$$a Yogyakarta : $b Andi, $c 2010 =300 ##$$a 112 hlm. : $b ilus. ; $c 22 cm. =650 ##$$a Kimia-SMA-soal,dsb =990 ##$$a 21409897 =990 ##$$a 0001/BPAP-NTB/20142014 =990 ##$$a 0001/BPAP-NTB/20142014 =990 ##$$a 0001/BPAP-NTB/20142014 =990 ##$$a 0001/BPAP-NTB/20142014 =990 ##$$a 0001/BPAP-NTB/20142014 =990 ##$$a 0001/BPAP-NTB/20142015 =990 ##$$a 0001/BPAP-NTB/20142015